<?xml version="1.0" encoding="UTF-8"?>
<record
    xmlns:xsi="http://www.w3.org/2001/XMLSchema-instance"
    xsi:schemaLocation="http://www.loc.gov/MARC21/slim http://www.loc.gov/standards/marcxml/schema/MARC21slim.xsd"
    xmlns="http://www.loc.gov/MARC21/slim">

  <leader>01988nam a2200265   4500</leader>
  <controlfield tag="003">CO-ViMGA</controlfield>
  <datafield tag="020" ind1=" " ind2=" ">
    <subfield code="a">9789583046193 </subfield>
  </datafield>
  <datafield tag="040" ind1=" " ind2=" ">
    <subfield code="a">CO-ViMGA</subfield>
    <subfield code="b">spa</subfield>
    <subfield code="c">CO-ViMGA</subfield>
  </datafield>
  <datafield tag="090" ind1=" " ind2=" ">
    <subfield code="a"> C MORi</subfield>
  </datafield>
  <datafield tag="100" ind1="1" ind2=" ">
    <subfield code="a">Morlot, Fr&#xE9;d&#xE9;ric, </subfield>
    <subfield code="d"> 1982-</subfield>
    <subfield code="9">2385</subfield>
  </datafield>
  <datafield tag="245" ind1="1" ind2="0">
    <subfield code="a">Las iluminaciones de Albert Einstein /</subfield>
    <subfield code="c"> contado por Fr&#xE9;d&#xE9;ric Morlot ; ilustrado por Anne-Margot Ramstein ; traducci&#xF3;n Nur&#xED;a Rioja Jim&#xE9;nez </subfield>
  </datafield>
  <datafield tag="260" ind1=" " ind2=" ">
    <subfield code="a">Bogot&#xE1; : </subfield>
    <subfield code="b">Panamericana, </subfield>
    <subfield code="c">2016</subfield>
  </datafield>
  <datafield tag="300" ind1=" " ind2=" ">
    <subfield code="a"> 63 p&#xE1;ginas :</subfield>
    <subfield code="b"> ilustraciones en color ;  21 cm </subfield>
  </datafield>
  <datafield tag="500" ind1=" " ind2=" ">
    <subfield code="a">Incluye datos biogr&#xE1;ficos del autor y del ilustrador </subfield>
  </datafield>
  <datafield tag="520" ind1=" " ind2=" ">
    <subfield code="a"> "Ahora aprender filosof&#xED;a es mucho m&#xE1;s f&#xE1;cil y divertido. Esta nueva serie busca presentar a los mayores fil&#xF3;sofos y cient&#xED;ficos de la historia y sus ideas, de una forma sencilla, novelada y con tono humor&#xED;stico que permite acercarse a los conceptos cient&#xED;ficos con mayor facilidad. Apoyado adem&#xE1;s en llamativas ilustraciones, estos libros son una nueva herramienta en la ense&#xF1;anza de la filosof&#xED;a y la ciencia. En 1896, encargan al joven Albert Einstein iluminar la Feria de M&#xFA;nich. Pero la operaci&#xF3;n result&#xF3; catastr&#xF3;fica y, poco a poco, tendr&#xE1; que enfrentarse a las leyes del universo. &#xBF;Se puede viajar m&#xE1;s r&#xE1;pido que la luz? &#xBF;Podemos viajar a trav&#xE9;s del tiempo? &#xBF;Qu&#xE9; es el azar? Una bella historia sobre una de las mentes m&#xE1;s brillantes de la humanidad. Aqu&#xED; nos presentan sus a&#xF1;os tempranos, y se deja ya entrever el origen de la teor&#xED;a de la relatividad" </subfield>
  </datafield>
  <datafield tag="534" ind1=" " ind2=" ">
    <subfield code="t">Les Illuminations d'Albert Einstein </subfield>
  </datafield>
  <datafield tag="600" ind1=" " ind2=" ">
    <subfield code="a">Einstein, Albert</subfield>
    <subfield code="v">Adaptaciones literarias </subfield>
    <subfield code="x"> Pensamiento filos&#xF3;fico</subfield>
    <subfield code="y">1879-1955</subfield>
    <subfield code="9">2386</subfield>
  </datafield>
  <datafield tag="650" ind1="1" ind2="4">
    <subfield code="a"> Filosof&#xED;a alemana en la literatura </subfield>
    <subfield code="9">2387</subfield>
  </datafield>
  <datafield tag="650" ind1="1" ind2="4">
    <subfield code="a"> F&#xED;sica en la literatura </subfield>
    <subfield code="9">2389</subfield>
  </datafield>
  <datafield tag="650" ind1="1" ind2="4">
    <subfield code="a"> Teor&#xED;a de la relatividad en la literatura</subfield>
    <subfield code="9">2388</subfield>
  </datafield>
  <datafield tag="650" ind1="1" ind2="4">
    <subfield code="a">Cient&#xED;ficos alemanes en la literatura</subfield>
    <subfield code="9">2390</subfield>
  </datafield>
  <datafield tag="700" ind1="1" ind2=" ">
    <subfield code="a"> Jim&#xE9;nez, Nur&#xED;a Rioja</subfield>
    <subfield code="e">tr.</subfield>
    <subfield code="9">2392</subfield>
  </datafield>
  <datafield tag="700" ind1="1" ind2=" ">
    <subfield code="a">Ramstein, Anne-Margot, </subfield>
    <subfield code="e">il.</subfield>
    <subfield code="9">2391</subfield>
  </datafield>
  <datafield tag="942" ind1=" " ind2=" ">
    <subfield code="2">ddc</subfield>
    <subfield code="c">BK</subfield>
  </datafield>
  <datafield tag="999" ind1=" " ind2=" ">
    <subfield code="c">7205</subfield>
    <subfield code="d">7205</subfield>
  </datafield>
  <datafield tag="952" ind1=" " ind2=" ">
    <subfield code="0">0</subfield>
    <subfield code="1">0</subfield>
    <subfield code="2">ddc</subfield>
    <subfield code="4">0</subfield>
    <subfield code="7">0</subfield>
    <subfield code="a">MEVIECAR</subfield>
    <subfield code="b">MEVIECAR</subfield>
    <subfield code="d">2020-02-28</subfield>
    <subfield code="g">28877.00</subfield>
    <subfield code="l">0</subfield>
    <subfield code="o"> C MORi</subfield>
    <subfield code="p">32139</subfield>
    <subfield code="r">2020-02-28 00:00:00</subfield>
    <subfield code="w">2020-02-28</subfield>
    <subfield code="y">BK</subfield>
  </datafield>
  <datafield tag="952" ind1=" " ind2=" ">
    <subfield code="0">0</subfield>
    <subfield code="1">0</subfield>
    <subfield code="2">ddc</subfield>
    <subfield code="4">0</subfield>
    <subfield code="7">0</subfield>
    <subfield code="a">MEVIECAR</subfield>
    <subfield code="b">MEVIECAR</subfield>
    <subfield code="d">2020-02-28</subfield>
    <subfield code="g">28877.00</subfield>
    <subfield code="l">0</subfield>
    <subfield code="o"> C MORi</subfield>
    <subfield code="p">32140</subfield>
    <subfield code="r">2020-02-28 00:00:00</subfield>
    <subfield code="w">2020-02-28</subfield>
    <subfield code="y">BK</subfield>
  </datafield>
  <datafield tag="952" ind1=" " ind2=" ">
    <subfield code="0">0</subfield>
    <subfield code="1">0</subfield>
    <subfield code="4">0</subfield>
    <subfield code="7">0</subfield>
    <subfield code="8">012</subfield>
    <subfield code="a">MEVIGERR</subfield>
    <subfield code="b">MEVIGERR</subfield>
    <subfield code="c">LIT</subfield>
    <subfield code="d">2021-06-25</subfield>
    <subfield code="o">C MOR36</subfield>
    <subfield code="p">ECA27911</subfield>
    <subfield code="r">2024-11-26 09:28:47</subfield>
    <subfield code="t">Ej.1</subfield>
    <subfield code="w">2024-11-26</subfield>
    <subfield code="y">BK</subfield>
    <subfield code="z">20899 | 26876</subfield>
  </datafield>
</record>
